| 000 | 00502nam a2200133Ia 4500 | ||
|---|---|---|---|
| 008 | 260210s9999 xx 000 0 und d | ||
| 024 | _a07A-009-TE, 07A-045-TE, 07A-032-TE & 07A-046-TE | ||
| 082 | _a621.38224072 ASI | ||
| 100 | _aAsif Mehmood, Rahat Ali, Muhammad Shahzad & Faheem Haider | ||
| 245 | 0 | _aStudy NGN (IPTV) for Efficient Transport of Video Streams in PTCL | |
| 260 |
_aKarachi: _bUITU, _c2007 |
||
| 600 | _aTelecommunication Engineering | ||
| 650 | _aBachelor of Engineering (BE) | ||
| 999 |
_c33558 _d33558 |
||